LEADER 00845nam0-22002891i-450 001 990003307850403321 005 20180424100030.0 035 $a000330785 035 $aFED01000330785 035 $a(Aleph)000330785FED01 035 $a000330785 100 $a20001010d1970----km-y0itay50------ba 101 0 $afre 102 $aCH 105 $aa-------001yy 200 1 $aDictionnaire biographique et biblio-iconographique de la Dro?me Tomes I-II 210 $aGeneve$cSlatkine Reprints$d1970 610 0 $aDizionari Francese 676 $a443 700 1$aBrun-Durand,$bJ.$0377001 801 0$aIT$bUNINA$gRICA$2UNIMARC 901 $aBK 912 $a990003307850403321 952 $a443 BRU$bLINGUE 811$fDECLI 959 $aDECLI 996 $aDICTIONNAIRE BIOGRAPHIQUE ET BIBLIO ICONOGRAPHIQUE DE LA DROME TOMES I-II$9447089 997 $aUNINA